Oroszország és Moldva szolgáló nemessége a XVII. században

Elmentve itt :
Bibliográfiai részletek
Szerző: Montag Katalin
További közreműködők: Varga Ilona (Témavezető)
Dokumentumtípus: Szakdolgozat
Megjelent: 1977
Tárgyszavak:
Online Access:http://diploma.bibl.u-szeged.hu/54986
LEADER 00561nta a2200157 i 4500
001 dipl54986
005 20160121174145.0
008 160121s1977 hu om 0|| hun d
040 |a SZTE Diploma Repozitórium  |b hun 
041 |a hun 
100 1 |a Montag Katalin 
245 1 0 |a Oroszország és Moldva szolgáló nemessége a XVII. században  |h [elektronikus dokumentum] /  |c Katalin Montag 
260 |c 1977 
650 4 |a Bölcsészettudományok 
700 1 |a Varga Ilona  |e ths 
856 4 0 |u http://diploma.bibl.u-szeged.hu/id/eprint/54986/1/1977_montag_katalin.pdf  |z Dokumentum-elérés